Welcome to the Holygrace Academy Library

Please use search bar below to get started

SARPPAYANJAM (Record no. 4717)

MARC details
000 -LEADER
fixed length control field 00268nam a22001337a 4500
020 ## - INTERNATIONAL STANDARD BOOK NUMBER
ISBN 81-713-0259-9
082 ## - DEWEY DECIMAL CLASSIFICATION NUMBER
Classification number 894.812.3
Item number BAS/S
245 ## - TITLE STATEMENT
Title SARPPAYANJAM
260 ## - PUBLICATION, DISTRIBUTION, ETC. (IMPRINT)
Place of publication KOTTAYAM
Name of publisher DC BOOKS
Year of publication 2005
300 ## - PHYSICAL DESCRIPTION
Number of Pages 52
520 ## - SUMMARY, ETC.
Summary, etc NOVEL
650 ## - SUBJECT ADDED ENTRY--TOPICAL TERM
Topical Term NOVEL
942 ## - ADDED ENTRY ELEMENTS (KOHA)
Koha item type Books

No items available.